[Event "Quebec Montcalm op"]
[Site "Quebec"]
[Date "2017.01.07"]
[Round "2"]
[White "Sarra Bournet, Marc"]
[Black "Dorion, Francois"]
[Result "1-0"]
[WhiteElo "1853"]
[BlackElo "1559"]
[PlyCount "35"]
[EventDate "2017.01.06"]
[EventType "swiss"]
[EventRounds "5"]
[EventCountry "CAN"]
[SourceTitle "EXT 2022"]
[Source "ChessBase"]
[SourceDate "2021.10.06"]
[SourceVersion "1"]
[SourceVersionDate "2021.10.06"]
[SourceQuality "1"]

1. e4 d6 2. d4 Nf6 3. Nc3 g6 4. Nf3 Bg4 5. Bc4 Bxf3 6. Qxf3 d5 7. Nxd5 Nxd5 8. Bxd5 e6 9. Bxb7 Qxd4 10. 0-0 Qb6 11. Bxa8 Bg7 12. Be3 Bd4 13. Bxd4 Qxd4 14. Rfd1 Qe5 15. Qa3 Nd7 16. Bc6 Rf8 17. Bxd7+ Kd8 18. Qxf8# 1-0

[Event "Quebec Carnaval"]
[Site "Quebec"]
[Date "2016.02.21"]
[Round "4"]
[White "Abran, David"]
[Black "Dorion, Francois"]
[Result "1-0"]
[WhiteElo "1898"]
[BlackElo "1569"]
[PlyCount "49"]
[EventDate "2016.02.19"]
[EventType "swiss"]
[EventRounds "5"]
[EventCountry "CAN"]
[SourceTitle "EXT 2022"]
[Source "ChessBase"]
[SourceDate "2021.10.06"]
[SourceVersion "1"]
[SourceVersionDate "2021.10.06"]
[SourceQuality "1"]

1. d4 e5 2. dxe5 d6 3. Nf3 Bg4 4. Bf4 Nc6 5. exd6 cxd6 6. Nc3 Nf6 7. e3 Qa5 8. Qd2 0-0-0 9. Be2 Bxf3 10. Bxf3 g5 11. Bg3 h5 12. h3 g4 13. hxg4 hxg4 14. Bxg4+ Nxg4 15. Rxh8 Nge5 16. 0-0-0 Nb4 17. a3 Nc4 18. Qd4 Nxa3 19. bxa3 Qxa3+ 20. Kd2 Nc6 21. Qg4+ Kb8 22. Qa4 Qc5 23. Qb5 Qa3 24. Rb1 Bg7 25. Qxb7# 1-0

[Event "Quebec Carnaval"]
[Site "Quebec"]
[Date "2016.02.20"]
[Round "3"]
[White "Dorion, Francois"]
[Black "Zamorano, Luis Fernando"]
[Result "0-1"]
[WhiteElo "1569"]
[BlackElo "1987"]
[PlyCount "80"]
[EventDate "2016.02.19"]
[EventType "swiss"]
[EventRounds "5"]
[EventCountry "CAN"]
[SourceTitle "EXT 2022"]
[Source "ChessBase"]
[SourceDate "2021.10.06"]
[SourceVersion "1"]
[SourceVersionDate "2021.10.06"]
[SourceQuality "1"]

1. e4 c5 2. f4 d6 3. Bb5+ Bd7 4. Bxd7+ Nxd7 5. Nf3 g6 6. d3 Bg7 7. 0-0 Ngf6 8. Nc3 a6 9. f5 Qc7 10. Kh1 b5 11. a3 Qc6 12. d4 Nxe4 13. d5 Nxc3 14. dxc6 Nxd1 15. cxd7+ Kxd7 16. Rxd1 gxf5 17. Be3 Bxb2 18. Ra2 Bf6 19. Bxc5 Rac8 20. Bd4 Bxd4 21. Nxd4 Rc5 22. Rb2 Rd5 23. Rbb1 Rc8 24. Nf3 Rxd1+ 25. Rxd1 Rxc2 26. Kg1 f6 27. Ra1 e6 28. Kf1 e5 29. Ne1 Rd2 30. Nf3 Rd3 31. Ke2 e4 32. Nd2 d5 33. g3 d4 34. a4 b4 35. Nc4 Rc3 36. Nb6+ Kc6 37. a5 Rc2+ 38. Kd1 Rxh2 39. Rc1+ Kb5 40. Nd5 e3 0-1

[Event "Quebec Montcalm op"]
[Site "Quebec"]
[Date "2016.01.09"]
[Round "3"]
[White "Dorion, Francois"]
[Black "Potvin, Alain Nicolas"]
[Result "0-1"]
[WhiteElo "1577"]
[BlackElo "1798"]
[PlyCount "82"]
[EventDate "2016.01.08"]
[EventType "swiss"]
[EventRounds "5"]
[EventCountry "CAN"]
[SourceTitle "EXT 2022"]
[Source "ChessBase"]
[SourceDate "2021.10.06"]
[SourceVersion "1"]
[SourceVersionDate "2021.10.06"]
[SourceQuality "1"]

1. e4 d6 2. d4 Nf6 3. Nc3 g6 4. Be2 Bg7 5. Nf3 0-0 6. h3 c6 7. 0-0 b5 8. a3 a5 9. d5 Ba6 10. dxc6 Nxc6 11. Nxb5 Nxe4 12. Qd5 Qb6 13. Qxe4 Bxb5 14. Bxb5 Qxb5 15. Be3 d5 16. Qh4 Qxb2 17. Rab1 Qxa3 18. Bh6 Qc3 19. Rb6 Ne5 20. Ng5 Nc4 21. Rb3 Qe5 22. Rd3 e6 23. f4 Qf6 24. f5 Bxh6 25. Qxh6 Qg7 26. Qh4 exf5 27. Rxf5 gxf5 28. Rg3 Kh8 29. Nf3 Qa1+ 30. Kh2 Rg8 31. Rxg8+ Rxg8 32. Nd4 Re8 33. Qf6+ Kg8 34. Qg5+ Kf8 35. Nxf5 Qe5+ 36. Kg1 Ne3 37. Qh6+ Kg8 38. Qg5+ Kh8 39. Nh6 Qxg5 40. Nxf7+ Kg7 41. Nxg5 a4 0-1

[Event "Quebec Montcalm op"]
[Site "Quebec"]
[Date "2016.01.09"]
[Round "2"]
[White "Sarra Bournet, Marc"]
[Black "Dorion, Francois"]
[Result "1-0"]
[WhiteElo "1872"]
[BlackElo "1577"]
[PlyCount "43"]
[EventDate "2016.01.08"]
[EventType "swiss"]
[EventRounds "5"]
[EventCountry "CAN"]
[SourceTitle "EXT 2022"]
[Source "ChessBase"]
[SourceDate "2021.10.06"]
[SourceVersion "1"]
[SourceVersionDate "2021.10.06"]
[SourceQuality "1"]

1. e4 e5 2. Nf3 Nc6 3. Bb5 Nge7 4. 0-0 a6 5. Ba4 g6 6. c3 Bg7 7. d4 b5 8. Bb3 0-0 9. Bg5 h6 10. Bh4 d6 11. h3 Bb7 12. Bd5 Qc8 13. dxe5 Nxd5 14. exd5 Nxe5 15. Nxe5 Bxe5 16. f4 Bg7 17. f5 gxf5 18. Qd3 c6 19. Rxf5 cxd5 20. Bf6 Qe6 21. Qg3 Qxf5 22. Qxg7# 1-0

[Event "McGill op"]
[Site "Montreal"]
[Date "2015.05.03"]
[Round "5"]
[White "Dorion, Francois"]
[Black "Leblanc Legault, Mathieu"]
[Result "0-1"]
[WhiteElo "1670"]
[BlackElo "1656"]
[PlyCount "38"]
[EventDate "2015.05.01"]
[EventType "swiss"]
[EventRounds "5"]
[EventCountry "CAN"]
[SourceTitle "EXT 2019"]
[Source "ChessBase"]
[SourceDate "2018.10.10"]
[SourceVersion "1"]
[SourceVersionDate "2018.10.10"]
[SourceQuality "1"]

1. d3 c6 2. Nf3 d5 3. g3 Nf6 4. Bg2 Bf5 5. 0-0 h6 6. c3 Nbd7 7. b4 e5 8. a4 a5 9. b5 c5 10. Ba3 Rc8 11. Nh4 Be6 12. Nd2 b6 13. e4 d4 14. cxd4 cxd4 15. Rc1 Bxa3 16. Rxc8 Qxc8 17. Nc4 Bxc4 18. dxc4 Qxc4 19. Nf5 g6 0-1

[Event "Montcalm op"]
[Site "Quebec"]
[Date "2015.01.10"]
[Round "2"]
[White "Dorion, Francois"]
[Black "Cournoyer, Dominic"]
[Result "0-1"]
[WhiteElo "1689"]
[BlackElo "1902"]
[PlyCount "84"]
[EventDate "2015.01.09"]
[EventType "swiss"]
[EventRounds "5"]
[EventCountry "CAN"]
[SourceTitle "EXT 2019"]
[Source "ChessBase"]
[SourceDate "2018.10.10"]
[SourceVersion "1"]
[SourceVersionDate "2018.10.10"]
[SourceQuality "1"]

1. d3 d5 2. Nf3 Nf6 3. g3 g6 4. Bg2 Bg7 5. 0-0 0-0 6. c3 c6 7. Nbd2 Nbd7 8. d4 Re8 9. e4 e5 10. exd5 Nxd5 11. dxe5 Nxe5 12. Nxe5 Bxe5 13. Nc4 Bg7 14. Ne3 Nf6 15. Qb3 Qc7 16. Nc4 Nd5 17. Bxd5 cxd5 18. Ne3 d4 19. Nd5 Qc6 20. c4 Bh3 21. Rd1 Bg4 22. f3 Bf5 23. Bf4 Rac8 24. Rac1 Be6 25. Kf2 b5 26. Qb4 Bxd5 27. cxd5 Qxd5 28. Qa5 d3 29. Rxc8 Rxc8 30. Rd2 Re8 31. Qb4 Bd4+ 32. Kg2 Re1 33. g4 Rg1+ 34. Kh3 Qxf3+ 35. Bg3 Qf1+ 36. Kh4 g5+ 37. Kh5 Qh3+ 38. Kxg5 Be3+ 39. Kf5 Bxd2 40. Qxd2 Qf1+ 41. Bf2 h6 42. Qf4 Rg2 0-1

[Event "Ste Foy Samedi 04"]
[Site "Ste Foy"]
[Date "2014.04.05"]
[Round "1"]
[White "Lessard, Claude"]
[Black "Dorion, Francois"]
[Result "1-0"]
[WhiteElo "2071"]
[BlackElo "1685"]
[PlyCount "71"]
[EventDate "2014.04.05"]
[EventType "swiss"]
[EventRounds "5"]
[EventCountry "CAN"]
[SourceTitle "EXT 2022"]
[Source "ChessBase"]
[SourceDate "2021.10.06"]
[SourceVersion "1"]
[SourceVersionDate "2021.10.06"]
[SourceQuality "1"]

1. d4 e6 2. Nf3 Nf6 3. g3 c5 4. Bg2 d5 5. 0-0 Nc6 6. c4 cxd4 7. Nxd4 Be7 8. cxd5 exd5 9. Nc3 0-0 10. Bg5 Nxd4 11. Qxd4 Be6 12. Rfd1 h6 13. Bf4 Rc8 14. Qxa7 Qd7 15. Qd4 Rfd8 16. Rac1 Bc5 17. Qd2 Ng4 18. Rf1 Nf6 19. Be5 Ng4 20. Bd4 Bxd4 21. Qxd4 Nf6 22. Rfd1 Qe7 23. e3 Rc4 24. Qd2 Rdc8 25. b3 R4c6 26. Ne2 Qa3 27. Rxc6 Rxc6 28. Nd4 Ra6 29. Nxe6 fxe6 30. Rc1 Qxa2 31. Rc8+ Kf7 32. Rc7+ Ke8 33. Qb4 Qa3 34. Qxb7 Ra8 35. Rxg7 Qf8 36. Qxa8# 1-0

[Event "Quebec Montcalm op"]
[Site "Quebec"]
[Date "2014.01.10"]
[Round "1"]
[White "Dorion, Francois"]
[Black "Dube, Daniel"]
[Result "1-0"]
[WhiteElo "1653"]
[BlackElo "1767"]
[PlyCount "153"]
[EventDate "2014.01.10"]
[EventType "swiss"]
[EventRounds "5"]
[EventCountry "CAN"]
[SourceTitle "EXT 2022"]
[Source "ChessBase"]
[SourceDate "2021.10.06"]
[SourceVersion "1"]
[SourceVersionDate "2021.10.06"]
[SourceQuality "1"]

1. e4 c6 2. c4 d5 3. cxd5 cxd5 4. exd5 Nf6 5. Bb5+ Bd7 6. Bxd7+ Qxd7 7. Nc3 Nxd5 8. Nf3 Nc6 9. d4 e6 10. 0-0 Be7 11. Qb3 Na5 12. Qb5 Qxb5 13. Nxb5 a6 14. Nc3 Nxc3 15. bxc3 Rc8 16. Bd2 Nc4 17. Rac1 0-0 18. Rfe1 Ba3 19. Rc2 Rfd8 20. Re4 Rd5 21. Be1 Rb5 22. Kf1 Rb1 23. Ke2 Bf8 24. Nd2 Nxd2 25. Kxd2 b5 26. Kd3 Rc4 27. h4 a5 28. g3 a4 29. Ree2 a3 30. h5 g6 31. hxg6 hxg6 32. Bd2 Rb2 33. Bc1 Rb1 34. g4 Kg7 35. f4 Bd6 36. f5 exf5 37. gxf5 Rxc1 38. Rxc1 g5 39. Rb1 g4 40. Rxb5 Rc8 41. c4 Rh8 42. Rb1 Kf6 43. c5 Bf4 44. d5 g3 45. d6 Rd8 46. Rf1 Be5 47. Kc4 Rb8 48. Kd5 Rb2 49. Rxe5 Rd2+ 50. Kc6 Kxe5 51. Rf3 g2 52. Rg3 Rxa2 53. Kd7 Re2 54. c6 a2 55. c7 Rc2 56. Re3+ Kf4 57. Re1 Re2 58. Ra1 Rb2 59. c8Q Rb1 60. Qc1+ Rxc1 61. Rxc1 Kf3 62. Ke7 Kf2 63. d7 g1Q 64. Rxg1 Kxg1 65. d8Q a1Q 66. Kxf7 Qa2+ 67. Kg6 Qc2 68. Qg5+ Kf2 69. Kg7 Qc7+ 70. Kh6 Qh2+ 71. Kg6 Qd6+ 72. f6 Qf8 73. f7 Kf3 74. Qf6+ Kg4 75. Kh7 Kh5 76. Qg6+ Kh4 77. Qh6+ 1-0

[Event "Charlesbourg Alekhine"]
[Site "Charlesbourg"]
[Date "2013.09.02"]
[Round "1"]
[White "Plante, Rejean"]
[Black "Dorion, Francois"]
[Result "1-0"]
[WhiteElo "1985"]
[BlackElo "1750"]
[PlyCount "91"]
[EventDate "2013.09.02"]
[EventType "swiss"]
[EventRounds "5"]
[EventCountry "CAN"]
[SourceTitle "EXT 2022"]
[Source "ChessBase"]
[SourceDate "2021.10.06"]
[SourceVersion "1"]
[SourceVersionDate "2021.10.06"]
[SourceQuality "1"]

1. d4 d5 2. c4 dxc4 3. Nc3 e6 4. e4 c5 5. Nf3 cxd4 6. Nxd4 Nc6 7. Be3 Bb4 8. Bxc4 Bxc3+ 9. bxc3 Nf6 10. f3 0-0 11. 0-0 Qa5 12. Qb3 Ne5 13. Be2 Ng6 14. Rab1 Qe5 15. Qc2 a6 16. Rfd1 Nf4 17. Bf1 N6h5 18. Ne2 Qg5 19. Nxf4 Nxf4 20. Kh1 e5 21. Qd2 Be6 22. g3 Qh5 23. gxf4 exf4 24. Bxf4 Qxf3+ 25. Bg2 Qh5 26. Rxb7 Rac8 27. Bd6 Rfd8 28. e5 Rxc3 29. Rf1 Rdc8 30. Bc7 Rc4 31. Rb8 Qg4 32. Rd1 Qh4 33. Bd8 Qg4 34. Ba5 Qxd1+ 35. Qxd1 Rc1 36. Rb1 Rxd1+ 37. Rxd1 Bxa2 38. Bb7 Bb3 39. Rd6 Rc1+ 40. Kg2 g6 41. Rxa6 Bc4 42. Ra8+ Kg7 43. Bd8 Rd1 44. Bf6+ Kh6 45. Ra4 Rd4 46. Kf2 1-0

[Event "Montmagny op"]
[Site "Montmagny"]
[Date "2011.11.11"]
[Round "1"]
[White "Dorion, Francois"]
[Black "Kraiouchkine, Nikita"]
[Result "0-1"]
[WhiteElo "1702"]
[BlackElo "2283"]
[PlyCount "66"]
[EventDate "2011.11.11"]
[EventType "swiss"]
[EventRounds "5"]
[EventCountry "CAN"]
[SourceTitle "EXT 2022"]
[Source "ChessBase"]
[SourceDate "2021.10.06"]
[SourceVersion "1"]
[SourceVersionDate "2021.10.06"]
[SourceQuality "1"]

1. e4 e5 2. Nf3 Nc6 3. Nc3 Nf6 4. Bb5 Bb4 5. Bxc6 dxc6 6. d3 Qd6 7. 0-0 Bg4 8. Bd2 0-0 9. h3 Bh5 10. a3 Bc5 11. Na4 Bd4 12. Bb4 c5 13. Bd2 c4 14. Bb4 c5 15. Bd2 cxd3 16. c3 Bxf3 17. Qxf3 Qc6 18. cxd4 Qxa4 19. dxe5 Nxe4 20. Be3 Qc6 21. Rfd1 c4 22. Rac1 Qd5 23. Qg4 f5 24. exf6 Rxf6 25. f3 Nd6 26. Rd2 Qe6 27. Qxe6+ Rxe6 28. Bc5 b5 29. b4 Nf5 30. Kf2 Rae8 31. Bxa7 Re2+ 32. Rxe2 Rxe2+ 33. Kg1 d2 0-1

[Event "Charlesbourg Festival 1"]
[Site "Charlesbourg"]
[Date "2011.07.04"]
[Round "5"]
[White "Fecteau, Martin"]
[Black "Dorion, Francois"]
[Result "1-0"]
[WhiteElo "2042"]
[BlackElo "1738"]
[PlyCount "70"]
[EventDate "2011.06.06"]
[EventType "swiss"]
[EventRounds "5"]
[EventCountry "CAN"]
[SourceTitle "EXT 2022"]
[Source "ChessBase"]
[SourceDate "2021.10.06"]
[SourceVersion "1"]
[SourceVersionDate "2021.10.06"]
[SourceQuality "1"]

1. d4 d5 2. Nf3 e6 3. c4 c5 4. cxd5 exd5 5. g3 Nf6 6. Bg2 Be7 7. 0-0 0-0 8. Nc3 Nc6 9. e3 Bf5 10. dxc5 Bxc5 11. Nd4 Bxd4 12. exd4 Qd7 13. Bg5 Ne4 14. Be3 Bh3 15. Bxh3 Qxh3 16. Nxd5 Rad8 17. Nf4 Qf5 18. Qa4 Nf6 19. Rad1 g5 20. Ng2 Rd5 21. f3 Rfd8 22. g4 Qg6 23. Bf2 h5 24. h3 hxg4 25. fxg4 Kg7 26. Ne3 Qe4 27. Nf5+ Rxf5 28. gxf5 Qxf5 29. Qb3 Nd5 30. Bg3 Nf4 31. Bxf4 gxf4 32. Qf3 Rd6 33. Qxf4 Rg6+ 34. Kh2 Qd5 35. Rg1 Qxa2 1-0

[Event "Charlesbourg Olympiade"]
[Site "Charlesbourg"]
[Date "2010.10.25"]
[Round "3"]
[White "Dorion, Francois"]
[Black "Glode, Martin"]
[Result "1/2-1/2"]
[WhiteElo "1750"]
[BlackElo "1850"]
[PlyCount "48"]
[EventDate "2010.10.11"]
[EventType "swiss"]
[EventRounds "6"]
[EventCountry "CAN"]
[SourceTitle "EXT 2022"]
[Source "ChessBase"]
[SourceDate "2021.10.06"]
[SourceVersion "1"]
[SourceVersionDate "2021.10.06"]
[SourceQuality "1"]

1. e4 Nf6 2. e5 Nd5 3. d4 d6 4. exd6 exd6 5. Nf3 Be7 6. Be2 0-0 7. c4 Nb6 8. 0-0 Bg4 9. b3 Nc6 10. Bb2 Bf6 11. Nbd2 d5 12. c5 Nd7 13. a3 Nxc5 14. h3 Bf5 15. g4 Nd3 16. gxf5 Nxb2 17. Qc2 Nxd4 18. Nxd4 Bxd4 19. Rab1 Qf6 20. Nf3 Rfe8 21. Nxd4 Qxd4 22. Rxb2 Qf4 23. Kg2 Qg5+ 24. Kh2 Qf4+ 1/2-1/2

[Event "Charlesbourg op11"]
[Site "Charlesbourg"]
[Date "2003.12.08"]
[Round "4"]
[White "Lapierre, Gaetan"]
[Black "Dorion, Francois"]
[Result "0-1"]
[WhiteElo "1887"]
[BlackElo "1837"]
[PlyCount "41"]
[EventDate "2003.11.17"]
[EventType "swiss"]
[EventRounds "5"]
[EventCountry "CAN"]
[SourceTitle "EXT 2008"]
[Source "ChessBase"]
[SourceDate "2007.11.25"]
[SourceVersion "1"]
[SourceVersionDate "2007.11.25"]
[SourceQuality "1"]

1. Nf3 Nf6 2. c4 g6 3. g3 Bg7 4. Bg2 0-0 5. 0-0 d5 6. cxd5 Nxd5 7. Nc3 Nb6 8. d3 Nc6 9. Bd2 Bd7 10. Qc1 Re8 11. Bh6 Bh8 12. h4 a5 13. h5 a4 14. hxg6 fxg6 15. a3 Ra5 16. Bd2 Rh5 17. Ne4 Qc8 18. Nh4 Bf6 19. Bf3 Bg4 20. Nxf6+ exf6 21. Qc3 0-1

[Event "Quebec Montcalm op 8th"]
[Site "Quebec"]
[Date "2003.05.24"]
[Round "3"]
[White "Coulon, Dominic"]
[Black "Dorion, Francois"]
[Result "0-1"]
[WhiteElo "1735"]
[BlackElo "1765"]
[PlyCount "50"]
[EventDate "2003.??.??"]
[EventType "swiss"]
[EventRounds "5"]
[EventCountry "CAN"]
[SourceTitle "EXT 2008"]
[Source "ChessBase"]
[SourceDate "2007.11.25"]
[SourceVersion "1"]
[SourceVersionDate "2007.11.25"]
[SourceQuality "1"]

1. e4 e6 2. d4 d5 3. Nc3 Bb4 4. Bd2 Bxc3 5. Bxc3 dxe4 6. Qg4 Nf6 7. Qxg7 Rg8 8. Qh6 Rg6 9. Qd2 Bd7 10. 0-0-0 Bc6 11. f3 Nbd7 12. fxe4 Nxe4 13. Qe3 Ndf6 14. Be1 Ng4 15. Qe2 Qg5+ 16. Kb1 0-0-0 17. Nh3 Qh6 18. Bd2 Nxd2+ 19. Rxd2 e5 20. c3 exd4 21. Rxd4 Re8 22. Qd2 Qxd2 23. Rxd2 Re1+ 24. Kc2 Ne3+ 25. Kd3 Nxf1 0-1

[Event "Quebec Montcalm op 4 2001-02"]
[Site "Quebec"]
[Date "2002.02.14"]
[Round "5"]
[White "Dorion, Francois"]
[Black "Bourassa, Andre"]
[Result "1/2-1/2"]
[WhiteElo "1652"]
[BlackElo "1578"]
[PlyCount "29"]
[EventDate "2002.01.17"]
[EventType "swiss"]
[EventRounds "5"]
[EventCountry "CAN"]
[SourceTitle "EXT 2022"]
[Source "ChessBase"]
[SourceDate "2021.10.06"]
[SourceVersion "1"]
[SourceVersionDate "2021.10.06"]
[SourceQuality "1"]

1. c4 Nf6 2. Nc3 d5 3. cxd5 Nxd5 4. Nf3 c6 5. g3 Bf5 6. d3 Nd7 7. Bg2 e5 8. 0-0 Be7 9. Qb3 Nc5 10. Qd1 Nxc3 11. bxc3 e4 12. Nd4 Bg6 13. dxe4 Nxe4 14. Bb2 0-0 15. e3 1/2-1/2